Prime Ministers of Pakistan - Statistics

General Stats
  • This quiz has been taken 387 times
    326 since last reset
  • The average score is 10 of 23
Answer Stats
Term Prime Minister % Correct
2018-2022 Imran Khan
97%
1993-1996 Benazir Bhutto
87%
1988-1990 Benazir Bhutto
87%
2013-2017 Nawaz Sharif
86%
1997-1999 Nawaz Sharif
86%
1990-1993 Nawaz Sharif
86%
2022- Shehbaz Sharif
81%
1973-1977 Zulfiqar Ali Bhutto
73%
1947-1951 Liaquat Ali Khan
54%
2008-2012 Yousaf Raza Gillani
35%
2017-2018 Shahid Khaqan Abbasi
26%
1985-1988 Muhammad Khan Junejo
23%
1955-1956 Chaudhry Muhammad Ali
21%
1953-1955 Muhammad Ali Bogra
19%
2012-2013 Raja Pervaiz Ashraf
19%
2004-2007 Shaukat Aziz
19%
1951-1953 Khawaja Nazimuddin
18%
2004 Chaudhry Shujaat Hussain
16%
2002-2004 Mir Zafarullah Khan Jamali
13%
1956-1957 Huseyn Shaheed Suhrawardy
12%
1957-1958 Feroze Khan Noon
11%
1957 Ibrahim Ismail Chundrigar
11%
1971 Nurul Amin
9%
No matching quizzes found
Score Distribution
Percent of People with Each Score
Percentile by Number Answered
Your Score History
You have not taken this quiz since the last reset